| 000 | 00889nam a2200241 a 4500 | ||
|---|---|---|---|
| 001 | 000044222 | ||
| 005 | 20201002045227.0 | ||
| 008 | 140610s2006 cl 000 0 spa d | ||
| 020 | _a9789582008666 | ||
| 040 |
_aDO-SdBNP _bspa _cBNPHU |
||
| 082 |
_axxxxxx _bxxxxxx |
||
| 100 | 1 |
_aGuadarrama González, Pablo, _d1949- _972224 |
|
| 245 | 1 | 0 |
_aCultura y educación : _ben tiempos de globalización posmoderna / _cPablo Guadarrama González ; dirección general Alfredo Ayarza Bastidas ; prólogo Omar Muñoz. |
| 250 | _a2a ed. | ||
| 260 |
_aBogotá, : _bMagisterio, _c2006. |
||
| 300 |
_a224 p. ; _c21 cm. |
||
| 490 | 1 | _aMesa redonda | |
| 504 | _aIncluye referencias bibliográficas y notas al pie de las páginas | ||
| 504 | _aBibliografías : p. 205-216 | ||
| 700 | 1 |
_aAyarza Bastidas, Alfredo, _edir. _972227 |
|
| 700 | 1 |
_aMuñoz, Omar, _epról. _972228 |
|
| 830 | 0 |
_aMesa redonda _98765 |
|
| 999 |
_c43711 _d43711 |
||